书目信息 |
| 题名: |
中国标准刮痧
|
|
| 作者: | 杨金生 , 王莹莹 主编 | |
| 分册: | ||
| 出版信息: | 西安 西安交通大学出版社 2019重印 |
|
| 页数: | 301页 | |
| 开本: | 23cm | |
| 丛书名: | ||
| 单 册: | ||
| 中图分类: | R244.4 | |
| 科图分类: | ||
| 主题词: | 刮搓疗法--gua cuo liao fa | |
| 电子资源: | ||
| ISBN: | 978-7-5605-9266-4 | |
| 000 | 01011nam0 2200289 45 | |
| 001 | 012001000975 | |
| 005 | 20191108095558.89 | |
| 010 | @a978-7-5605-9266-4@dCNY56.00 | |
| 010 | @a978-7-88614-959-7@b光盘 | |
| 099 | @aCAL 012017080954 | |
| 100 | @a20170522d2017 em y0chiy50 ea | |
| 101 | 0 | @achi |
| 102 | @aCN@b610000 | |
| 105 | @aaf a 000yy | |
| 106 | @ar | |
| 200 | 1 | @a中国标准刮痧@Azhong guo biao zhun gua sha@f主编杨金生, 王莹莹 |
| 205 | @a第2版 | |
| 210 | @a西安@c西安交通大学出版社@d2019重印 | |
| 215 | @a301页@c彩图@d23cm@e光盘1片 | |
| 320 | @a有书目 (第275-276页) | |
| 330 | @a本书分为上篇刮痧止痛、中篇刮痧治病、下篇刮痧保健共三篇,重点介绍如何在中医经络腧穴理论的指导下,循经走穴,辨证刮痧,教会大家如何在刮痧过程中将刮拭部位的点、线、面有机结合。 | |
| 606 | 0 | @a刮搓疗法@Agua cuo liao fa |
| 690 | @aR244.4@v5 | |
| 701 | 0 | @a杨金生@Ayang jin sheng@4主编 |
| 701 | 0 | @a王莹莹@Awang ying ying@4主编 |
| 801 | 0 | @aCN@b北京卓展文化@c20191020 |
| 905 | @b1201245-8@dR244.4@e501=2@f4 | |
| 中国标准刮痧/主编杨金生, 王莹莹.-第2版.-西安:西安交通大学出版社,2019重印 |
| 301页:彩图;23cm+光盘1片 |
| ISBN 978-7-5605-9266-4:CNY56.00 |
| 本书分为上篇刮痧止痛、中篇刮痧治病、下篇刮痧保健共三篇,重点介绍如何在中医经络腧穴理论的指导下,循经走穴,辨证刮痧,教会大家如何在刮痧过程中将刮拭部位的点、线、面有机结合。 |
| ● |
| 相关链接 |
|
|
|
|
正题名:中国标准刮痧
索取号:R244.4/501=2
 
预约/预借
| 序号 | 登录号 | 条形码 | 馆藏地/架位号 | 状态 | 备注 |
| 1 | 1201245 | 212012454 | 第二样本阅览室/ [索取号:R244.4/501=2] | 在馆 | |
| 2 | 1201246 | 212012463 | 第三借阅区/ [索取号:R244.4/501=2] | 在馆 | |
| 3 | 1201247 | 212012472 | 第三借阅区/ [索取号:R244.4/501=2] | 在馆 | |
| 4 | 1201248 | 212012481 | 第三借阅区/ [索取号:R244.4/501=2] | 在馆 |